| 000 | 00877 a2200241 4500 | ||
|---|---|---|---|
| 005 | 20180312141953.0 | ||
| 008 | 131116n ck a br|||| 00| 0 spa d | ||
| 020 | _a[sin ISBN] | ||
| 040 |
_aCO-BoUCM _bspa _cJose A. Gerena _dJose A. Gerena |
||
| 041 | 0 | 0 | _aspa |
| 100 | 1 |
_aBedoya, José Raúl _950650 |
|
| 245 | 0 | 0 |
_aSueños de niño _cJosé Raúl Bedoya |
| 260 |
_bECIDILCOL _bKingraf _aBogotá (Colombia) _c[sin fecha] |
||
| 300 |
_a[16] páginas _bilustraciones a color |
||
| 490 | _aNarraciones didácticas infantiles | ||
| 650 | 7 |
_918516 _aLibros ilustrados para niños |
|
| 650 | 7 |
_918524 _aLibros y lectura para niños |
|
| 650 | 7 |
_918681 _aLiteratura infantil colombiana |
|
| 650 | 7 |
_920374 _aNiños en la literatura |
|
| 690 |
_942861 _aLiteratura colombiana |
||
| 942 |
_a18 _cLIBRO _e1 _mB412 _kC _2DEWEY _h868.44 _n0 |
||
| 999 |
_c183529 _d183529 |
||